La mujer rural: el caso de las virtudes de Santa Cruz de Turrialba = Rural Women: the case of las virtudes in Santa Cruz, Turrialba /

Gespeichert in:
Bibliographische Detailangaben
1. Verfasser: Cubillo Mora, Mayela
Weitere Verfasser: Sáenz Rojas, Mario Alberto
Format: Text
Tags: Tag hinzufügen
Keine Tags, Fügen Sie den ersten Tag hinzu!

MARC

LEADER 00000 a a2200000 04500
001 47937
003
040
100 |a Cubillo Mora, Mayela  
245 |a La mujer rural: el caso de las virtudes de Santa Cruz de Turrialba =   |b Rural Women: the case of las virtudes in Santa Cruz, Turrialba /  |c Mayela Cubillo Mora, Mario Alberto Sáenz Rojas  
700 |a Sáenz Rojas, Mario Alberto  
773 |g número145, (2014), páginas 123-132  
999 |c 37984  |d 37984 
773 0 |0 18728  |9 3012  |a Universidad de Costa Rica  |d San José, Costa Rica Editorial UCR 1956-  |o 17142  |t Revista de Ciencias Sociales/  |x 04825276